000 00471nam a2200181Ia 4500
003 GCL
008 140319s9999 xx 000 0 ara d
040 _aGCL /
_cGCL
082 0 4 _aط
_b731.3352
_bس ح
100 1 _aسفير
245 1 0 _aالحروف المتحركة /
_cسفير
260 _a[S.N] :
_bسفير
490 _a
650 0 4 _aالتعليم
650 0 4 _aالاطفال
650 0 4 _aالرسائل السمعية البصرية
942 _2ddc
_cBK
999 _c57162
_d57162